Normal view
MARC view
- Bedner, E, Fulk, D, Hac, A
Entry Personal Name
001 - CONTROL NUMBER
- control field: 64709
003 - CONTROL NUMBER IDENTIFIER
- control field: NUST
005 - DATE AND TIME OF LATEST TRANSACTION
- control field: 20210628203324.0
008 - FIXED-LENGTH DATA ELEMENTS
- fixed length control field: 210628|| aca||aabn | a|a d
040 ## - CATALOGING SOURCE
- Original cataloging agency: NUST
- Transcribing agency: NUST
100 ## - HEADING--PERSONAL NAME
- Personal name: Bedner, E, Fulk, D, Hac, A
670 ## - SOURCE DATA FOUND
- Source citation: Work cat.: (NUST): Bedner, E, Fulk, D, Hac, A, Exploringthe trade off of handling stability and responsiveness with advanced control systems, 2007
